| 000 | 00797nam a2200277Ia 4500 | ||
|---|---|---|---|
| 003 | OSt | ||
| 005 | 20220927105753.0 | ||
| 006 | a|||||r|||| 00| 0 | ||
| 007 | ta | ||
| 008 | 220926b |||||||| |||| 00| 0 eng d | ||
| 020 | _a9789210451628 | ||
| 024 | _a208534 | ||
| 037 | _cReference Collections | ||
| 040 |
_aRTL _cRTL _beng |
||
| 041 |
_2eng _aeng |
||
| 082 | _a"X4.1, M9/UN" | ||
| 100 | _aUNECE | ||
| 110 | _aUNECE | ||
| 245 | 0 |
_aTIR Handbook _b Customs convention on the international transport of goods under cover of TIR carnets |
|
| 260 |
_a"Newyork," _bUnited Nation Publication _c1989 |
||
| 300 |
_a"vii,376p" _ccm. |
||
| 500 | _aBibliography: P 337-39 | ||
| 700 | _aUNECE | ||
| 942 |
_h"X4.1, M9/UN" _cCC |
||
| 999 |
_c694546 _d694546 |
||